000 00228nam a22000977a 4500
040 _cRUA
082 _a631 MAT 1982 C227 Or.
245 _aLES MATERIELS DE PROTECTION DES CULTURES.
260 _aphnom penh
_brua
_c1982
942 _cFB
999 _c21353
_d21353